[Event "TUR-chT 1st League"]
[Site "Denizli"]
[Date "2023.07.14"]
[Round "8.92"]
[White "Aksoy, Mehmet Naim"]
[Black "Gezici, Omer Ata"]
[Result "0-1"]
[WhiteElo "1498"]
[BlackElo "1793"]
[PlyCount "74"]
[EventDate "2023.07.09"]
[EventType "team-swiss"]
[EventRounds "9"]
[EventCountry "TUR"]
[SourceTitle "CBM 215 Extra"]
[Source "ChessBase"]
[SourceDate "2023.09.30"]
[SourceVersion "1"]
[SourceVersionDate "2023.09.30"]
[SourceQuality "1"]
[WhiteTeam "Salihli Sardes"]
[BlackTeam "Bogazici Universitesi"]
[WhiteTeamCountry "TUR"]
[BlackTeamCountry "TUR"]

1. e4 c5 2. Nf3 g6 3. d4 cxd4 4. Nxd4 Nc6 5. c4 Nf6 6. Nc3 Nxd4 7. Qxd4 d6 8. Be3 Bg7 9. h3 0-0 10. Qd2 Be6 11. Rc1 Rc8 12. b3 b5 13. cxb5 Qa5 14. Bc4 Bxc4 15. bxc4 Rxc4 16. 0-0 Rfc8 17. Nd5 Qxd2 18. Bxd2 Nxd5 19. exd5 Bd4 20. Rxc4 Rxc4 21. Rc1 Ra4 22. Rc2 Kg7 23. Bg5 f6 24. Bd2 Kf7 25. Rc8 Rxa2 26. Be3 Bxe3 27. fxe3 Rb2 28. Rb8 Rd2 29. e4 f5 30. exf5 gxf5 31. Rh8 Rxd5 32. Rxh7+ Kf6 33. h4 Rxb5 34. Rh8 Rb4 35. g3 Rg4 36. Kf2 f4 37. Kf3 fxg3 0-1

[Event "TUR-chT 1st League"]
[Site "Konya"]
[Date "2022.08.28"]
[Round "9.10"]
[White "Romi, Izak"]
[Black "Aksoy, Mehmet Naim"]
[Result "1-0"]
[WhiteElo "1837"]
[BlackElo "1423"]
[PlyCount "101"]
[EventDate "2022.08.22"]
[EventType "team-swiss"]
[EventRounds "9"]
[EventCountry "TUR"]
[SourceTitle "CBM 209 Extra"]
[Source "ChessBase"]
[SourceDate "2022.09.30"]
[SourceVersion "1"]
[SourceVersionDate "2022.09.30"]
[SourceQuality "1"]
[WhiteTeam "Istanbul Teknik Uni"]
[BlackTeam "Salihli Sardes"]
[WhiteTeamCountry "TUR"]
[BlackTeamCountry "TUR"]

1. e4 e5 2. Nf3 Nc6 3. Bb5 a6 4. Ba4 d6 5. h3 Bd7 6. c3 g6 7. d4 Bg7 8. 0-0 Nge7 9. dxe5 Nxe5 10. Nxe5 dxe5 11. Bb3 0-0 12. Qe2 Kh8 13. Rd1 Qc8 14. Bg5 f6 15. Bh4 Nc6 16. Nd2 f5 17. exf5 gxf5 18. Nf3 Qe8 19. Qd2 Be6 20. Bxe6 Qxe6 21. Qd7 Qh6 22. g3 Qh5 23. Kg2 Rf7 24. Qe6 Raf8 25. Rd7 e4 26. Ng5 Rf6 27. Qd5 Qg6 28. f4 h6 29. Nxe4 fxe4 30. Bxf6 Rxf6 31. Rf1 e3 32. Qd3 Qe8 33. Re1 Re6 34. Rxc7 b5 35. Qd7 Qxd7 36. Rxd7 b4 37. Rd3 Na5 38. cxb4 Nc6 39. Rexe3 Rxe3 40. Rxe3 Nxb4 41. a3 Nc2 42. Re2 Nd4 43. Re4 Nc2 44. Re8+ Kh7 45. Rc8 Ne1+ 46. Kf1 Nd3 47. b4 Bb2 48. Ke2 Nc1+ 49. Kd1 Na2 50. Rc7+ Kg8 51. Rc6 1-0

[Event "TUR-chT 1st League"]
[Site "Konya"]
[Date "2022.08.27"]
[Round "8.8"]
[White "Aksoy, Mehmet Naim"]
[Black "Dalgar, Hakki Berat"]
[Result "1-0"]
[WhiteElo "1423"]
[BlackElo "2017"]
[PlyCount "80"]
[EventDate "2022.08.22"]
[EventType "team-swiss"]
[EventRounds "9"]
[EventCountry "TUR"]
[SourceTitle "CBM 209 Extra"]
[Source "ChessBase"]
[SourceDate "2022.09.30"]
[SourceVersion "1"]
[SourceVersionDate "2022.09.30"]
[SourceQuality "1"]
[WhiteTeam "Salihli Sardes"]
[BlackTeam "Karaman Saglik"]
[WhiteTeamCountry "TUR"]
[BlackTeamCountry "TUR"]

1. e4 c6 2. d4 d5 3. Nd2 dxe4 4. Nxe4 Bf5 5. Ng3 Bg6 6. N1e2 Nf6 7. Nf4 e5 8. Nxg6 hxg6 9. Be3 Nbd7 10. Bc4 Bd6 11. Qe2 Qe7 12. 0-0 Rh4 13. Bg5 Rh7 14. Rfe1 0-0-0 15. Rad1 Re8 16. Ne4 Bc7 17. d5 cxd5 18. Bxd5 Nb6 19. Bb3 Rhh8 20. Qf3 Qf8 21. Bxf6 gxf6 22. Qxf6 Re7 23. Nd6+ Bxd6 24. Qxd6 Qd8 25. Qf6 Rd7 26. Qf3 Rf8 27. a4 Kb8 28. a5 Nc8 29. Rxd7 Qxd7 30. Rxe5 Qd4 31. Rb5 Qd7 32. Rd5 Qe7 33. h3 a6 34. Ba4 Qe1+ 35. Kh2 Qb4 36. Bb3 Qe7 37. Ba4 Ka8 38. Rd7 Qb4 39. Rxb7 Qxb7 40. Bc6 Nd6 1-0

[Event "TUR-chT 1st League"]
[Site "Konya"]
[Date "2022.08.25"]
[Round "6.9"]
[White "Ozkurt, Deniz"]
[Black "Aksoy, Mehmet Naim"]
[Result "1-0"]
[WhiteElo "1707"]
[BlackElo "1423"]
[PlyCount "75"]
[EventDate "2022.08.22"]
[EventType "team-swiss"]
[EventRounds "9"]
[EventCountry "TUR"]
[SourceTitle "CBM 209 Extra"]
[Source "ChessBase"]
[SourceDate "2022.09.30"]
[SourceVersion "1"]
[SourceVersionDate "2022.09.30"]
[SourceQuality "1"]
[WhiteTeam "Karsiyaka Ihtisas"]
[BlackTeam "Salihli Sardes"]
[WhiteTeamCountry "TUR"]
[BlackTeamCountry "TUR"]

1. e4 e5 2. Nf3 Nc6 3. Nc3 Nf6 4. d4 exd4 5. Nxd4 Bb4 6. Nxc6 bxc6 7. Bd3 d5 8. exd5 cxd5 9. 0-0 0-0 10. h3 c6 11. Qf3 Be6 12. Bf4 Bd6 13. Rfe1 Bxf4 14. Qxf4 Qb8 15. Qxb8 Raxb8 16. b3 Rfc8 17. Ne2 Re8 18. Nd4 Bd7 19. Rxe8+ Rxe8 20. b4 Rc8 21. Nb3 Be6 22. Re1 Nd7 23. f4 Nf8 24. Nc5 d4 25. a3 Rc7 26. Re4 g6 27. Rxd4 Bd5 28. f5 gxf5 29. Bxf5 Kg7 30. c4 Be6 31. Be4 f5 32. Bf3 Kf7 33. Kf2 Ke7 34. Ke3 Ng6 35. Nd3 Kf7 36. g3 Re7 37. Kd2 Bd7 38. h4 1-0

[Event "TUR-chT 1st League"]
[Site "Konya"]
[Date "2022.08.22"]
[Round "1.10"]
[White "Aksoy, Mehmet Naim"]
[Black "Alper, Metin"]
[Result "0-1"]
[WhiteElo "1423"]
[BlackElo "1963"]
[PlyCount "112"]
[EventDate "2022.08.22"]
[EventType "team-swiss"]
[EventRounds "9"]
[EventCountry "TUR"]
[SourceTitle "CBM 209 Extra"]
[Source "ChessBase"]
[SourceDate "2022.09.30"]
[SourceVersion "1"]
[SourceVersionDate "2022.09.30"]
[SourceQuality "1"]
[WhiteTeam "Salihli Sardes"]
[BlackTeam "Ankara Dernegi"]
[WhiteTeamCountry "TUR"]
[BlackTeamCountry "TUR"]

1. e4 d6 2. d4 g6 3. Be3 Bg7 4. Nc3 Nc6 5. h3 e5 6. Nf3 exd4 7. Nxd4 Nf6 8. Bc4 0-0 9. Bb3 Re8 10. Nxc6 bxc6 11. Qf3 Be6 12. 0-0 Nd7 13. Qg3 Qe7 14. f3 Nb6 15. Bg5 Bd4+ 16. Kh1 f6 17. Bd2 Nc4 18. Bc1 Ne3 19. Bxe3 Bxe3 20. f4 Bd4 21. Rfe1 Bxb3 22. axb3 Qf7 23. Qd3 Bb6 24. b4 Rad8 25. Rad1 Kg7 26. b5 cxb5 27. Nxb5 h5 28. Nd4 Qd7 29. Nf3 Bf2 30. Rf1 Bb6 31. e5 fxe5 32. fxe5 d5 33. Nh4 Re6 34. Rf6 Qe8 35. Rdf1 Rd7 36. Rxe6 Qxe6 37. Rf6 Qe8 38. Rxg6+ Kh8 39. e6 Rg7 40. Rxg7 Kxg7 41. Qxd5 Kf6 42. Qf5+ Ke7 43. Ng6+ Kd6 44. Qf7 Qa4 45. Qe7+ Kd5 46. Kh2 Bc5 47. Qd7+ Bd6+ 48. Kg1 Qd4+ 49. Kf1 Qd1+ 50. Kf2 Qxc2+ 51. Ke1 Qc1+ 52. Kf2 Qxb2+ 53. Kg1 Qb1+ 54. Kf2 Qc2+ 55. Kg1 Qb1+ 56. Kf2 Qxg6 0-1